[Event "SK Ettlingen-TuS Makkabi Berlin"]
[Site "?"]
[Date "2007.12.27"]
[Round "1.2"]
[White "Weber, Clemens"]
[Black "Davydov, Ruven"]
[Result "0-1"]
[WhiteElo "1326"]
[BlackElo "1747"]
[PlyCount "176"]
[EventDate "2007.??.??"]
[WhiteTeam "SK Ettlingen"]
[BlackTeam "TuS Makkabi Berlin"]

1. e4 c5 2. Nf3 e6 3. d4 cxd4 4. Nxd4 a6 5. Nc3 Qc7 6. Be3 Nf6 7. a3 Nc6 8. Qd2
Ng4 9. Bf4 d6 10. Bg3 Nf6 11. Be2 e5 12. Nf3 Be6 13. Ng5 Nd4 14. Nxe6 Nxe6 15.
O-O Nd4 16. Bd1 Be7 17. Qd3 O-O 18. Ne2 Ne6 19. Nc3 Rac8 20. Bh4 Nf4 21. Qf3
Ne6 22. Bxf6 Bxf6 23. Nd5 Qd8 24. Qg3 Bg5 25. c3 Bf4 26. Qd3 Nc5 27. Qf3 Ne6
28. Bb3 Bg5 29. Rad1 Nf4 30. Rfe1 Nxd5 31. Bxd5 Qb6 32. Rb1 Bf6 33. Red1 Rfd8
34. Qh5 Rc7 35. h3 g6 36. Qf3 Bg7 37. c4 Rf8 38. Re1 Kh8 39. Red1 f5 40. Rf1
fxe4 41. Qxe4 Rcc8 42. Bxb7 Rf4 43. Qd5 Rc5 44. Qe6 Qxb7 45. Qxd6 Rcxc4 46.
Qd8+ Rf8 47. Qd3 Rcf4 48. b4 Qb6 49. Qg3 e4 50. Rbe1 Bd4 51. Re2 e3 52. Qg5
exf2+ 53. Kh1 Qb5 54. Qe7 R4f7 55. Qe4 Bg7 56. Qe3 Qc4 57. Qd2 Qf4 58. Qxf4
Rxf4 59. Kh2 R4f5 60. g3 Rf3 61. Kg2 Bc3 62. Rexf2 Rxf2+ 63. Rxf2 Rxf2+ 64.
Kxf2 Kg7 65. Ke3 Kf6 66. Kd3 Be5 67. g4 Ke6 68. a4 Kd6 69. Kc4 Bg3 70. Kd4 Be1
71. Kc4 Kc6 72. b5+ axb5+ 73. axb5+ Kb6 74. Kd5 Kxb5 75. Ke6 Kc5 76. Kf6 Bc3+
77. Kg5 Bg7 78. h4 Kd5 79. h5 gxh5 80. Kxh5 Ke5 81. Kg5 Bf8 82. Kh5 Kf4 83. Kh4
Kf3 84. Kh5 Bg7 85. Kh4 Be5 86. Kh5 Bf4 87. Kh4 h6 88. Kh5 Bg5 0-1

[Event "SV Empor Erfurt-SV Empor Berlin"]
[Site "?"]
[Date "2007.12.27"]
[Round "1.1"]
[White "Tong, Lukas Fabian Chuan"]
[Black "Urban, Lars"]
[Result "1/2-1/2"]
[WhiteElo "1575"]
[BlackElo "1657"]
[PlyCount "108"]
[EventDate "2007.??.??"]
[WhiteTeam "SV Empor Berlin"]
[BlackTeam "SV Empor Erfurt"]

1. d4 d5 2. c4 e6 3. Nc3 Nf6 4. Nf3 Nbd7 5. Bf4 c6 6. e3 Be7 7. Bd3 O-O 8. O-O
Nh5 9. Bg3 Nxg3 10. hxg3 Re8 11. cxd5 exd5 12. Qc2 h6 13. Rad1 Nf6 14. e4 dxe4
15. Nxe4 Bg4 16. Nc3 Nd5 17. Nxd5 Qxd5 18. Bc4 Qh5 19. Qb3 Bxf3 20. Qxf3 Qxf3
21. gxf3 Bf6 22. Rd3 Rad8 23. b4 Rxd4 24. Rxd4 Bxd4 25. Rd1 Rd8 26. Kf1 Kf8 27.
Rd3 f6 28. Ke2 Ke7 29. a4 Rd6 30. f4 a6 31. g4 b5 32. axb5 cxb5 33. Bb3 Bb2 34.
Bd5 Bc3 35. Rxc3 Rxd5 36. Ke3 Kd7 37. Ra3 Rd6 38. Ke4 Kc7 39. Kf5 Kb6 40. Kg6
Rd4 41. Rb3 Rxf4 42. f3 a5 43. bxa5+ Kxa5 44. Kxg7 Ka4 45. Re3 b4 46. Re8 Rxf3
47. Kxh6 Rf4 48. Kh5 Ka3 49. Ra8+ Kb2 50. Ra4 Kb3 51. Ra6 Kc3 52. Rc6+ Kd4 53.
Rb6 Kc5 54. Rb8 Kc4 1/2-1/2

[Event "SV Empor Erfurt-SV Empor Berlin"]
[Site "?"]
[Date "2007.12.27"]
[Round "1.3"]
[White "Schmid, Floyd"]
[Black "Lorenz, Erik"]
[Result "0-1"]
[WhiteElo "1073"]
[BlackElo "1314"]
[PlyCount "108"]
[EventDate "2007.??.??"]
[WhiteTeam "SV Empor Berlin"]
[BlackTeam "SV Empor Erfurt"]

1. e4 c5 2. Nf3 d6 3. Bc4 Nf6 4. Nc3 a6 5. d4 cxd4 6. Qxd4 Nc6 7. Qe3 b5 8. Bb3
Bb7 9. a3 e6 10. Qd3 Be7 11. O-O O-O 12. Bf4 Nh5 13. Be3 Qc7 14. Rad1 Rfd8 15.
Ne2 Ne5 16. Qd4 Nxf3+ 17. gxf3 Bf6 18. Qb6 Qxb6 19. Bxb6 Rd7 20. Bc5 Bxb2 21.
Rxd6 Rxd6 22. Bxd6 Rd8 23. Bb4 Be5 24. Ng3 Nf4 25. c4 Bc6 26. cxb5 Bxb5 27. Re1
g6 28. a4 Bd3 29. Rd1 Rc8 30. Be7 Rc3 31. Ba2 Ra3 32. Bb1 Ra1 33. Bg5 Rxb1 34.
Rxb1 Bxb1 35. Bxf4 Bxf4 36. Ne2 Bc7 37. Nd4 Kf8 38. Nc6 Ke8 39. Kg2 Kd7 40. Nd4
Bb6 41. Ne2 Bc2 42. Nc3 Ba5 43. Ne2 Bxa4 44. Nd4 Bc3 45. Ne2 Bb2 46. Nf4 Bb5
47. Nh3 h6 48. f4 a5 49. Ng1 a4 50. Nf3 Bc3 51. Nh4 a3 52. f5 a2 53. fxg6 fxg6
54. Nxg6 a1=Q 0-1

[Event "SG Porz 47-SC Vaterstetten"]
[Site "?"]
[Date "2007.12.27"]
[Round "1.3"]
[White "Xiong, Ferdinand"]
[Black "Mehler, Simon"]
[Result "1/2-1/2"]
[WhiteElo "1489"]
[BlackElo "1061"]
[PlyCount "80"]
[EventDate "2007.??.??"]
[WhiteTeam "SC Vaterstetten"]
[BlackTeam "SG Porz 47"]

1. e4 e5 2. Nf3 Nc6 3. Bc4 Bc5 4. b4 Bxb4 5. c3 Ba5 6. d4 exd4 7. O-O dxc3 8.
Qb3 Qe7 9. Ba3 d6 10. Nxc3 Bxc3 11. Qxc3 f6 12. Rad1 Be6 13. Bb5 Bd7 14. Rc1
Nh6 15. Nd2 Qe5 16. Qc4 a6 17. Bxc6 Bxc6 18. f4 Qe7 19. Rce1 Bb5 20. Qb3 Bxf1
21. Qxb7 O-O 22. Nxf1 Qf7 23. Ng3 Qxa2 24. Bc1 Rab8 25. Qxc7 Rb1 26. Qxd6 Rc8
27. Ne2 a5 28. Qd7 Rf8 29. Nc3 Rxc1 30. Nxa2 Rxe1+ 31. Kf2 Ra1 32. Qd5+ Kh8 33.
Qxa5 Rc8 34. Qd2 Re8 35. Nc3 Ra6 36. h3 Rc8 37. Nd5 Rac6 38. Ke3 Rd8 39. Qa5
Re8 40. Kf3 Rc4 1/2-1/2

[Event "SG Porz 47-SC Vaterstetten"]
[Site "?"]
[Date "2007.12.27"]
[Round "1.4"]
[White "Sabirov, Ramil"]
[Black "Kuhlmann, Steffen"]
[Result "1-0"]
[WhiteElo "1147"]
[BlackElo "1176"]
[PlyCount "72"]
[EventDate "2007.??.??"]
[WhiteTeam "SG Porz 47"]
[BlackTeam "SC Vaterstetten"]

1. e4 e5 2. d4 exd4 3. Qxd4 Nc6 4. Qe3 Nf6 5. Nc3 Bb4 6. Bd2 d6 7. O-O-O Qe7 8.
Be2 Bxc3 9. Bxc3 Qxe4 10. Bxf6 Qxe3+ 11. fxe3 gxf6 12. Bb5 Bd7 13. Nf3 O-O-O
14. Nd4 Ne5 15. Bxd7+ Rxd7 16. h3 Rg8 17. g4 Re7 18. Nf5 Re6 19. Rhf1 Rg5 20.
Nd4 Nc4 21. Nxe6 fxe6 22. Rxf6 Nxe3 23. Re1 Re5 24. g5 Kd8 25. Rf3 Nc4 26. Rxe5
Nxe5 27. Rf8+ Kd7 28. Rh8 Ke7 29. Rxh7+ Kd8 30. h4 Nf3 31. g6 Ke8 32. h5 Kf8
33. h6 Ne5 34. Rh8+ Ke7 35. g7 Ng6 36. Rc8 e5 1-0

[Event "Weisse Dame Hamburg-SV Stuttgart-Wolfbu"]
[Site "?"]
[Date "2007.12.27"]
[Round "1.1"]
[White "Schnorr, Christian"]
[Black "Pfeiffer, Daniel"]
[Result "0-1"]
[WhiteElo "1569"]
[BlackElo "1670"]
[PlyCount "76"]
[EventDate "2007.??.??"]
[WhiteTeam "SV Stuttgart-Wolfbusch"]
[BlackTeam "Weisse Dame Hamburg"]

1. d4 Nf6 2. Nf3 g6 3. e3 Bg7 4. c4 d6 5. Nc3 O-O 6. Be2 Nbd7 7. b4 e5 8. O-O
c6 9. a4 Qe7 10. Qb3 Re8 11. Bb2 Nf8 12. dxe5 dxe5 13. c5 e4 14. Nd2 Be6 15.
Bc4 Rad8 16. Bxe6 Rxd2 17. Bc4 Ng4 18. Rab1 Nxh2 19. Kxh2 Qh4+ 20. Kg1 Be5 21.
g3 Bxg3 22. Bxf7+ Kg7 23. Nxe4+ Rxb2 24. Qxb2+ Be5 25. Ng3 Bxb2 26. Bxe8 Be5
27. Rfd1 Bxg3 28. fxg3 Qxg3+ 29. Kh1 Qh3+ 30. Kg1 Qxe3+ 31. Kf1 Qxe8 32. b5
Qf7+ 33. Kg1 Qf3 34. Rf1 Qe3+ 35. Kh1 Qxc5 36. Rfc1 Qd5+ 37. Kg1 c5 38. Ra1
Qg5+ 0-1

[Event "Weisse Dame Hamburg-SV Stuttgart-Wolfbu"]
[Site "?"]
[Date "2007.12.27"]
[Round "1.3"]
[White "Riasanow, Nikita"]
[Black "Schaeffer, Philipp"]
[Result "0-1"]
[WhiteElo "1252"]
[BlackElo "1234"]
[PlyCount "58"]
[EventDate "2007.??.??"]
[WhiteTeam "SV Stuttgart-Wolfbusch"]
[BlackTeam "Weisse Dame Hamburg"]

1. e4 c5 2. Nc3 Nc6 3. g3 d6 4. Bg2 e6 5. f4 Nf6 6. d3 d5 7. e5 Nd7 8. Bh3 Nd4
9. Be3 Nxc2+ 10. Qxc2 d4 11. Ne4 dxe3 12. Qe2 Qa5+ 13. Nc3 Qb6 14. Rb1 c4 15.
dxc4 Bb4 16. Qd3 Qc6 17. Ke2 Bxc3 18. bxc3 Nc5 19. Qc2 Na4 20. Nf3 Qxc4+ 21.
Ke1 Qxc3+ 22. Qxc3 Nxc3 23. Rb2 O-O 24. Rc2 Nd5 25. Bg2 Bd7 26. Ke2 Rac8 27.
Rhc1 Bb5+ 28. Ke1 Rxc2 29. Rxc2 Bc6 {nun folgt 30. T d8} 0-1

[Event "Wilhelmshavener SF-USV Potsdam"]
[Site "?"]
[Date "2007.12.27"]
[Round "1.4"]
[White "Großklaus, Igor"]
[Black "Werthmann, Nils"]
[Result "0-1"]
[WhiteElo "1191"]
[BlackElo "1067"]
[PlyCount "59"]
[EventDate "2007.??.??"]
[WhiteTeam "Wilhelmshavener SF"]
[BlackTeam "USV Potsdam"]

1. e4 e5 2. Nf3 Nf6 3. Nxe5 d6 4. Nf3 Nxe4 5. Nc3 Nxc3 6. dxc3 Bg4 7. Be2 Be7
8. h3 Bf5 9. Bd3 Be6 10. Nd4 Qd7 11. Qf3 Nc6 12. Nxe6 Qxe6+ 13. Qe4 Qxe4+ 14.
Bxe4 O-O-O 15. Bf4 g6 16. g4 Bh4 17. Bg3 Bxg3 18. fxg3 Rhe8 19. O-O Rxe4 20.
Rxf7 Re2 21. Rc1 Rde8 22. Kf1 R2e3 23. Kf2 Re2+ 24. Kf1 R2e7 25. Rxe7 Rxe7 26.
Re1 Rxe1+ 27. Kxe1 Kd7 28. Ke2 Na5 29. b3 b5 30. Ke3 0-1

[Event "SF Köln-Mülheim-SK Gründau"]
[Site "?"]
[Date "2007.12.27"]
[Round "1.2"]
[White "Eigemann, Frederik"]
[Black "Tautz, Jonas"]
[Result "1-0"]
[WhiteElo "1564"]
[BlackElo "1323"]
[PlyCount "103"]
[EventDate "2007.??.??"]
[WhiteTeam "SF Köln-Mülheim"]
[BlackTeam "SK Gründau"]

1. e4 c5 2. Nf3 e6 3. d4 cxd4 4. Nxd4 a6 5. Nc3 d6 6. Be3 Nd7 7. Qd2 b6 8. f3
Bb7 9. Be2 Ngf6 10. g4 h6 11. h4 Be7 12. O-O-O h5 13. g5 Nh7 14. f4 g6 15. Rhf1
e5 16. Nb3 exf4 17. Rxf4 b5 18. Qd4 Rg8 19. Rdf1 Ne5 20. R4f2 Qc7 21. Nd5 Bxd5
22. Qxd5 Qc6 23. Qxc6+ Nxc6 24. Rxf7 Nf8 25. Nd4 Ne5 26. R7f2 Nfd7 27. Ne6 Rc8
28. Nf4 Nc5 29. Bxc5 dxc5 30. Nd5 Bd8 31. Nf6+ Bxf6 32. Rxf6 Rc6 33. Rxc6 Nxc6
34. Rf6 Kd7 35. a4 Kc7 36. axb5 axb5 37. Bxb5 Nd4 38. Bc4 Rg7 39. Rf7+ Rxf7 40.
Bxf7 Nf5 41. Bxg6 Nxh4 42. Bxh5 Kd6 43. g6 Nxg6 44. Bxg6 Ke5 45. Kd2 Kd4 46.
c3+ Ke5 47. b4 cxb4 48. cxb4 Kd6 49. Kc3 Kc6 50. Kc4 Kd6 51. b5 Kc7 52. e5 1-0

[Event "SF Brackel Dortmund-SC Reti Heusweiler"]
[Site "?"]
[Date "2007.12.27"]
[Round "1.3"]
[White "Holle, Cedric"]
[Black "Tiemann, Uwe"]
[Result "1-0"]
[WhiteElo "1261"]
[BlackElo "1031"]
[PlyCount "49"]
[EventDate "2007.??.??"]
[WhiteTeam "SC Reti Heusweiler"]
[BlackTeam "SF Brackel Dortmund"]

1. e4 e5 2. Nc3 Nf6 3. f4 d6 4. Nf3 Nc6 5. Bb5 exf4 6. d4 d5 7. e5 Ne4 8. Bxf4
Bb4 9. Bd2 Bg4 10. Nxe4 Bxf3 11. gxf3 Qh4+ 12. Ng3 Qxd4 13. Bxc6+ bxc6 14. c3
Qxe5+ 15. Qe2 Qxe2+ 16. Nxe2 Be7 17. O-O-O O-O 18. Rhg1 g6 19. Nd4 Bc5 20. Kb1
Bb6 21. Rge1 c5 22. Nc2 c6 23. Re7 Rfe8 24. Rde1 Kf8 25. Bh6+ 1-0

[Event "SV Unterkochen-SV Turm Lippstadt"]
[Site "?"]
[Date "2007.12.27"]
[Round "1.4"]
[White "Schmid, Bernd"]
[Black "Sabelfeld, Andreas"]
[Result "0-1"]
[WhiteElo "776"]
[BlackElo "1055"]
[PlyCount "53"]
[EventDate "2007.??.??"]
[WhiteTeam "SV Unterkochen"]
[BlackTeam "SV Turm Lippstadt"]

1. e4 e6 2. d4 d5 3. e5 c5 4. Nc3 Nc6 5. Nf3 Qb6 6. Be3 Qxb2 7. Ne2 f6 8. exf6
Nxf6 9. g3 Qb6 10. Bg2 Be7 11. O-O O-O 12. Rb1 Qc7 13. dxc5 Ne4 14. Nh4 Nxc5
15. Nf4 g5 16. Nfg6 hxg6 17. Nxg6 Rf7 18. Bd4 e5 19. Qh5 Rh7 20. Qf3 e4 21. Qd1
Bf5 22. Nxe7+ Nxe7 23. f3 Ng6 24. fxe4 Bxe4 25. Bxc5 Bxg2 26. Kxg2 Rd8 27. Rf5
{Partie nicht weiter nachvollziehbar} 0-1

[Event "SV Empor Erfurt-SV Empor Berlin"]
[Site "?"]
[Date "2007.12.27"]
[Round "1.2"]
[White "Schneider, Jan"]
[Black "Moritz, Aron"]
[Result "0-1"]
[WhiteElo "1477"]
[BlackElo "1646"]
[PlyCount "50"]
[EventDate "2007.??.??"]
[WhiteTeam "SV Empor Erfurt"]
[BlackTeam "SV Empor Berlin"]

1. d4 d5 2. c4 e6 3. Nc3 Nf6 4. Bg5 Nbd7 5. e3 c6 6. Nf3 Qa5 7. a3 Ne4 8. Qa4
Qxa4 9. Nxa4 dxc4 10. Bxc4 b5 11. Bd3 Nxg5 12. Nc5 Nxc5 13. dxc5 Nxf3+ 14. gxf3
Be7 15. b4 Bf6 16. Rd1 a5 17. Be4 Bd7 18. a4 axb4 19. axb5 Rc8 20. b6 Be7 21.
Ra1 Bxc5 22. b7 Rb8 23. Ra8 Ke7 24. Ra5 Bb6 25. Ke2 Bxa5 0-1

[Event "SC Forchheim-BSG Chemie Leipzig"]
[Site "?"]
[Date "2007.12.27"]
[Round "1.1"]
[White "Müller, Marius"]
[Black "Mons, Leon"]
[Result "0-1"]
[WhiteElo "1485"]
[BlackElo "1990"]
[PlyCount "90"]
[EventDate "2007.??.??"]
[WhiteTeam "BSG Chemie Leipzig"]
[BlackTeam "SC Forchheim"]

1. e4 e5 2. Nf3 Nc6 3. d4 exd4 4. Bc4 Nf6 5. e5 d5 6. Bb5 Ne4 7. Nxd4 Bd7 8.
Bxc6 bxc6 9. O-O Be7 10. Be3 O-O 11. Nd2 c5 12. N4b3 Nxd2 13. Bxd2 Be6 14. Qf3
c6 15. Qg3 Kh8 16. c3 a5 17. Be3 Qb6 18. Rab1 a4 19. Nc1 Bf5 20. Ra1 Qxb2 21.
Ne2 Qxe2 22. e6 Bxe6 23. Qc7 Rfe8 24. Qxc6 Qa6 25. Qxa6 Rxa6 26. Rab1 Ra7 27.
Rb6 Rd7 28. Rfb1 h6 29. Ra6 d4 30. cxd4 cxd4 31. Bd2 Bxa2 32. Rbb6 Be6 33. Rxa4
Rc8 34. Rb2 d3 35. Rb1 Rc2 36. Rd1 Bg5 37. f4 Bf6 38. Ra3 Bg4 39. Ra8+ Rd8 40.
Rxd8+ Bxd8 41. Re1 Bb6+ 42. Be3 d2 43. Ra1 Bxe3+ 44. Kf1 Rc1+ 45. Rxc1 dxc1=Q#
0-1

[Event "SC Forchheim-BSG Chemie Leipzig"]
[Site "?"]
[Date "2007.12.27"]
[Round "1.2"]
[White "Nöttling, Dominik"]
[Black "Oha, Maximilian"]
[Result "1/2-1/2"]
[WhiteElo "1755"]
[BlackElo "1398"]
[PlyCount "53"]
[EventDate "2007.??.??"]

1. e4 e6 2. d4 d5 3. Nd2 c5 4. c3 Nc6 5. Ngf3 Qb6 6. exd5 exd5 7. Qb3 Qxb3 8.
Nxb3 cxd4 9. Nbxd4 Nxd4 10. Nxd4 Bd7 11. Bb5 O-O-O 12. O-O Bd6 13. Rd1 Ne7 14.
Be3 a6 15. Bd3 Rhe8 16. Rac1 Kb8 17. b3 Rc8 18. a4 Rc7 19. c4 Rec8 20. Rc2 Ka8
21. cxd5 Nxd5 22. Rxc7 Rxc7 23. Nf5 Nxe3 24. Nxe3 Be6 25. Bc4 Bxc4 26. Nxc4 Bc5
27. Rd8+ 1/2-1/2

[Event "SC Forchheim-BSG Chemie Leipzig"]
[Site "?"]
[Date "2007.12.27"]
[Round "1.3"]
[White "Richter, Leonard"]
[Black "Stephan, Michael"]
[Result "0-1"]
[WhiteElo "1349"]
[BlackElo "1726"]
[PlyCount "52"]
[EventDate "2007.??.??"]

1. d4 d5 2. e4 dxe4 3. Nc3 e5 4. Nxe4 exd4 5. Bb5+ c6 6. Ba4 Bf5 7. Qe2 Be7 8.
Bf4 Bxe4 9. Qxe4 Qa5+ 10. Bd2 Qxa4 11. Qg4 Bf6 12. Qc8+ Bd8 13. Qxb7 Qb5 14.
Qxa8 Qb6 15. O-O-O Bc7 16. Bg5 f6 17. Bh4 Ne7 18. Re1 Kf7 19. f4 Rd8 20. Bf2
Na6 21. Qxd8 Bxf4+ 22. Be3 Bxe3+ 23. Rxe3 Qxd8 24. Re2 Qa5 25. a3 Qb5 26. Re4
Qf1+ 0-1

[Event "SK Ettlingen-TuS Makkabi Berlin"]
[Site "?"]
[Date "2007.12.27"]
[Round "1.3"]
[White "Wagner, Christian"]
[Black "Schwingen, Dominik"]
[Result "0-1"]
[WhiteElo "1451"]
[BlackElo "1240"]
[PlyCount "84"]
[EventDate "2007.??.??"]

1. d4 d5 2. e3 e6 3. Bd3 f5 4. f4 Nf6 5. Nf3 Nbd7 6. Ne5 Bd6 7. Nd2 c5 8. c3
Qe7 9. Ndf3 Ne4 10. Nxd7 Bxd7 11. Ne5 Qh4+ 12. g3 Nxg3 13. Nf3 Qh5 14. Rg1 Ne4
15. Qe2 c4 16. Bxe4 fxe4 17. Ne5 Bxe5 18. dxe5 O-O-O 19. b3 Bb5 20. a4 Ba6 21.
b4 b6 22. b5 Bb7 23. a5 Rhg8 24. axb6 axb6 25. Ba3 g5 26. Bd6 gxf4 27. Rf1 fxe3
28. Ra7 Qh3 29. Qa2 Qh4+ 30. Kd1 e2+ 31. Qxe2 Qg4 32. Qxg4 Rxg4 33. Rf7 Rg1+
34. Ke2 Rdg8 35. Raxb7 R8g2+ 36. Rf2 Kxb7 37. Be7 Rxf2+ 38. Kxf2 Rb1 39. Bb4
Rb2+ 40. Kg3 e3 41. h4 Rxb4 42. cxb4 c3 0-1

[Event "SV Empor Erfurt-SV Empor Berlin"]
[Site "?"]
[Date "2007.12.27"]
[Round "1.4"]
[White "Messing, Paul"]
[Black "Scheinhütte, Jakob"]
[Result "1-0"]
[WhiteElo "1211"]
[BlackElo "927"]
[PlyCount "97"]
[EventDate "2007.??.??"]

1. e4 e5 2. Nf3 Nc6 3. Bc4 Bc5 4. c3 Nf6 5. d3 d6 6. Bb3 Bg4 7. Qe2 O-O 8. Bg5
h6 9. Bh4 b5 10. h3 Bh5 11. g4 Bg6 12. Bd5 Qd7 13. Bxf6 gxf6 14. Nbd2 b4 15. c4
Bd4 16. Bxc6 Qxc6 17. Nf1 a5 18. Ng3 a4 19. Nxd4 exd4 20. Nf5 Bxf5 21. gxf5 Kh7
22. O-O-O b3 23. a3 Qb6 24. Rdg1 Rg8 25. Rg4 Rg7 26. f4 c6 27. Rxg7+ Kxg7 28.
Qg4+ Kf8 29. Rg1 Ke7 30. Qg7 d5 31. e5 c5 32. cxd5 Re8 33. d6+ Kd8 34. Qxf6+
Kc8 35. Qxf7 Rd8 36. Rg8 Rxg8 37. Qxg8+ Kb7 38. Qf7+ Kc6 39. Qc7+ Kb5 40. Qxb6+
Kxb6 41. f6 Kb7 42. f7 Kc8 43. f8=Q+ Kd7 44. Qe7+ Kc6 45. d7 Kb5 46. d8=Q Ka6
47. Qxc5 Kb7 48. Qdb6+ Ka8 49. Qca5# 1-0

[Event "SG Porz 47-SC Vaterstetten"]
[Site "?"]
[Date "2007.12.27"]
[Round "1.1"]
[White "Nitsche-Hahn, Maxim"]
[Black "Krause, Johann"]
[Result "1/2-1/2"]
[WhiteElo "1425"]
[BlackElo "1333"]
[PlyCount "48"]
[EventDate "2007.??.??"]

1. d4 d5 2. c4 c6 3. Nf3 Bg4 4. e3 Nf6 5. h3 Bh5 6. Nc3 e6 7. Bd3 Bb4 8. Bd2
Nbd7 9. O-O Nb6 10. c5 Nbd7 11. a3 Bxc3 12. Bxc3 Ne4 13. Rc1 Ndf6 14. Be2 O-O
15. b4 Qe7 16. Ba1 h6 17. Rb1 g5 18. Ne5 Bg6 19. Rb3 Kh7 20. b5 Rac8 21. a4 Nd7
22. Nxd7 Qxd7 23. bxc6 bxc6 24. Bd3 f5 {Der weitere Verlauf ist auf Grund der
unsauberen und abweichenden Mitschriften beider Spieler nicht rekonstruierbar.}
1/2-1/2

[Event "SG Porz 47-SC Vaterstetten"]
[Site "?"]
[Date "2007.12.27"]
[Round "1.2"]
[White "Padva, Leo"]
[Black "Nitsche-Hahn, Raphael"]
[Result "1/2-1/2"]
[WhiteElo "1395"]
[BlackElo "1528"]
[PlyCount "53"]
[EventDate "2007.??.??"]

1. Nf3 c5 2. c4 Nc6 3. e3 Nf6 4. d4 cxd4 5. exd4 e6 6. a3 d5 7. Nc3 b6 8. b4
dxc4 9. Bxc4 Bd6 10. O-O O-O 11. Bg5 Be7 12. Rc1 Bb7 13. Ne2 Ne4 14. Bxe7 Qxe7
15. Qd3 Nf6 16. Rfe1 Rfd8 17. Ng3 Rd7 18. Bb5 Rc8 19. Ne5 Nxe5 20. Rxc8+ Bxc8
21. Rxe5 Rd5 22. h3 Qd6 23. Rxd5 Qxd5 24. Bc4 Qc6 25. b5 Qd6 26. Qc3 Qc7 27.
Qb3 1/2-1/2

[Event "Weisse Dame Hamburg-SV Stuttgart-Wolfbu"]
[Site "?"]
[Date "2007.12.27"]
[Round "1.2"]
[White "Lampert, Jonas"]
[Black "Dölker, Kai"]
[Result "1-0"]
[WhiteElo "1629"]
[BlackElo "1221"]
[PlyCount "33"]
[EventDate "2007.??.??"]

1. e4 c5 2. Nf3 d6 3. d4 cxd4 4. Nxd4 Nf6 5. Nc3 g6 6. Be3 Bg7 7. f3 O-O 8. Qd2
Nc6 9. Bc4 Bd7 10. O-O-O Rc8 11. Bb3 Re8 12. h4 h5 13. Kb1 Qa5 14. Nxc6 Rxc6
15. Bh6 Bh8 16. Qg5 Rc5 17. Qxg6+ 1-0

[Event "Wilhelmshavener SF-USV Potsdam"]
[Site "?"]
[Date "2007.12.27"]
[Round "1.1"]
[White "Friedrich, Wiede"]
[Black "Heermann, Kai"]
[Result "1-0"]
[WhiteElo "1963"]
[BlackElo "1379"]
[PlyCount "125"]
[EventDate "2007.??.??"]

1. e4 d5 2. Nc3 dxe4 3. Nxe4 Qd5 4. Nc3 Qa5 5. d4 Nf6 6. Bc4 c6 7. Bd2 Qc7 8.
Nge2 e6 9. Ng3 Nbd7 10. Qe2 Nb6 11. Bb3 Bd7 12. Nce4 Be7 13. c4 Nxe4 14. Nxe4
c5 15. d5 O-O-O 16. O-O Rhe8 17. Qf3 f6 18. Bf4 e5 19. Bd2 Kb8 20. Qe2 Nc8 21.
Bc2 Nd6 22. Nxd6 Bxd6 23. Rab1 e4 24. g3 f5 25. b4 b6 26. bxc5 Bxc5 27. Bf4 Bd6
28. Bxd6 Qxd6 29. Qe3 Rc8 30. Rb3 Rc5 31. Re1 Rec8 32. Rb2 Ra5 33. Qd4 g5 34.
Bd1 Ba4 35. Be2 Bd7 36. Bf1 Ka8 37. Qg7 h6 38. Qd4 Rf8 39. Rc2 Qf6 40. Qxf6
Rxf6 41. Bg2 g4 42. h3 h5 43. Kf1 Rc5 44. Rec1 Rd6 45. hxg4 hxg4 46. Ke1 b5 47.
Bf1 b4 48. Kd2 a5 49. Ke3 Kb7 50. Kd4 Kb6 51. Rb2 Rdxd5+ 52. Ke3 Kc7 53. Be2
Rd6 54. Rh1 Be6 55. Rh7+ Rd7 56. Rh6 Bxc4 57. Rc2 Rd3+ 58. Bxd3 exd3 59. Rc1
Re5+ 60. Kd2 Re4 61. Ra6 Re2+ 62. Kd1 Rc2 63. Rxa5 1-0

[Event "Wilhelmshavener SF-USV Potsdam"]
[Site "?"]
[Date "2007.12.27"]
[Round "1.2"]
[White "Neumann, Florian"]
[Black "Eichstaedt, Mirko"]
[Result "1-0"]
[WhiteElo "1242"]
[BlackElo "1284"]
[PlyCount "87"]
[EventDate "2007.??.??"]

1. e4 e5 2. Nf3 Nf6 3. Nxe5 d6 4. Nf3 Nxe4 5. Qe2 Qe7 6. d4 d5 7. Bf4 Bg4 8.
Qe3 Bxf3 9. gxf3 Nd6 10. Nc3 c6 11. O-O-O Qxe3+ 12. fxe3 Nd7 13. Bh3 f5 14. e4
dxe4 15. Rhe1 O-O-O 16. fxe4 fxe4 17. Nxe4 Nxe4 18. Rxe4 Bb4 19. d5 Bc5 20.
dxc6 bxc6 21. Rc4 Be7 22. Rxc6+ Kb7 23. Rc7+ Kb6 24. Rdxd7 Rxd7 25. Rxd7 Bf6
26. Be3+ Kc6 27. Rxa7 Re8 28. Bd7+ Kd5 29. Bxe8 Ke4 30. c4 Kxe3 31. c5 Be5 32.
Re7 Ke4 33. c6 Kd5 34. c7 Kd6 35. c8=Q Kxe7 36. Qd7+ Kf6 37. Qf7+ Kg5 38. Bd7
Bf6 39. Qd5+ Kh6 40. a4 g6 41. a5 Kg7 42. a6 Kh6 43. a7 Bg5+ 44. Kb1 1-0

[Event "Wilhelmshavener SF-USV Potsdam"]
[Site "?"]
[Date "2007.12.27"]
[Round "1.3"]
[White "Cech, Tim"]
[Black "Hellwig, Immo"]
[Result "1-0"]
[WhiteElo "1218"]
[BlackElo "1084"]
[PlyCount "51"]
[EventDate "2007.??.??"]

1. e4 d5 2. exd5 Qxd5 3. Nc3 Qa5 4. Nf3 Nf6 5. d4 Bf5 6. Bd3 Bg6 7. O-O e6 8.
Bg5 Nbd7 9. Re1 Be7 10. Qd2 O-O-O 11. Rad1 c6 12. Ne5 Qc7 13. h3 Rhf8 14. Qe3
Bd6 15. a3 Rde8 16. Bf4 Nd5 17. Nxd5 exd5 18. Qg3 Nf6 19. Re2 Re7 20. Nxg6 Bxf4
21. Nxf4 Rd7 22. Qxg7 Qd6 23. Rde1 Rfd8 24. Qg3 Rg8 25. Qf3 Rgd8 26. Re7 {
Partie nicht weiter nachvollziehbar} 1-0

[Event "SF Köln-Mülheim-SK Gründau"]
[Site "?"]
[Date "2007.12.27"]
[Round "1.1"]
[White "Kuhn, Jan"]
[Black "Pauly, Carlo"]
[Result "1/2-1/2"]
[WhiteElo "1606"]
[BlackElo "1649"]
[PlyCount "130"]
[EventDate "2007.??.??"]

1. e4 c5 2. Nf3 d6 3. d4 cxd4 4. Nxd4 Nf6 5. Nc3 a6 6. a4 e6 7. Be3 Qc7 8. Be2
Be7 9. O-O Nbd7 10. f3 b6 11. Qe1 h5 12. Qg3 Kf8 13. f4 Bb7 14. Bf3 Rc8 15. f5
h4 16. Qf2 e5 17. Nb3 Bc6 18. Qe2 Qb7 19. Bf2 Bd8 20. Rfd1 Bc7 21. h3 Ke7 22.
Qe1 b5 23. axb5 axb5 24. Bxh4 Bb6+ 25. Bf2 Bxf2+ 26. Kxf2 b4 27. Nd5+ Bxd5 28.
exd5 Rxc2+ 29. Rd2 Qb6+ 30. Kf1 Rxd2 31. Qxd2 Qb5+ 32. Be2 Qxd5 33. Qe3 Ra8 34.
Rd1 Qe4 35. Qd2 Qf4+ 36. Qxf4 exf4 37. Bf3 Rb8 38. Nd2 Ne5 39. Re1 Kd7 40. Rc1
Nxf3 41. Nxf3 Rc8 42. Rxc8 Kxc8 43. Ng5 Nd5 44. Nxf7 Ne3+ 45. Ke2 Nc4 46. b3
Na5 47. Nxd6+ Kd7 48. Ne4 Nxb3 49. Kd3 Na5 50. h4 Kc6 51. h5 Nb7 52. f6 gxf6
53. h6 Nd8 54. Nxf6 Nf7 55. h7 Nh8 56. Nh5 f3 57. gxf3 Kd5 58. f4 Ke6 59. Ng3
Kf6 60. Kc4 Kg7 61. Kxb4 Kxh7 62. Kc5 Ng6 63. f5 Ne7 64. f6 Ng8 65. f7 Kg7
1/2-1/2

[Event "SF Köln-Mülheim-SK Gründau"]
[Site "?"]
[Date "2007.12.27"]
[Round "1.3"]
[White "Zahn, Fabian"]
[Black "Eigemann, Julian"]
[Result "0-1"]
[WhiteElo "957"]
[BlackElo "1508"]
[PlyCount "90"]
[EventDate "2007.??.??"]

1. e4 d5 2. exd5 Qxd5 3. Nc3 Qa5 4. Nf3 Nf6 5. g3 c6 6. Bg2 Bf5 7. O-O e6 8. d3
Bd6 9. Ne4 Bxe4 10. dxe4 Qc7 11. Re1 Nbd7 12. Bd2 O-O-O 13. Be3 Nxe4 14. Bxa7
Nef6 15. Nd4 Bc5 16. Bxc5 Nxc5 17. c3 e5 18. Bh3+ Kb8 19. b4 Nce4 20. Bg2 Nxc3
21. Nxc6+ bxc6 22. Qb3 Ncd5 23. Rac1 Rhe8 24. b5 c5 25. a4 Nb4 26. Bf1 e4 27.
Qa3 Ng4 28. Qb3 f5 29. Ra1 Ne5 30. a5 Nf3+ 31. Kg2 Nxe1+ 32. Rxe1 Qxa5 33. Ra1
Qxa1 34. Qf7 Qf6 35. Qc4 Rd5 36. Qb3 f4 37. Qa4 f3+ 38. Kg1 Re7 39. Bc4 Rd4 40.
Bf1 e3 41. Qa3 exf2+ 42. Kxf2 Rd2+ 43. Kg1 Qd4+ 44. Kh1 Qf2 45. Qc1 Qxh2# 0-1

[Event "SF Köln-Mülheim-SK Gründau"]
[Site "?"]
[Date "2007.12.27"]
[Round "1.4"]
[White "Rahmen, Christian"]
[Black "Steppat, Sebastian"]
[Result "0-1"]
[WhiteElo "771"]
[BlackElo "1002"]
[PlyCount "35"]
[EventDate "2007.??.??"]

1. Nf3 e6 2. g3 Nf6 3. Bg2 Nc6 4. O-O d5 5. d3 Bc5 6. Nbd2 Qd6 7. e4 dxe4 8.
dxe4 O-O 9. Qe1 Qe7 10. e5 Nd5 11. Ne4 b6 12. Nxc5 Qxc5 13. c3 Ba6 14. b4 Qe7
15. Bg5 Qd7 16. Nh4 Bxf1 17. Bxf1 h6 18. Bd2 {
Partie nicht weiter rekonstruierbar} 0-1